000 00472nam a2200145Ia 4500
008 100122s9999 xx 000 0 und d
082 _b16466
_a823
100 _aपारगावकर राजा
245 _aनागपुरात अजगर
260 _bभारतीय प्रकाशन मंदिर
_c1968
300 _a83
630 _aनागपुरात अजगर
730 _aनागपुरात अजगर
942 _cBOOK
999 _c406407
_d406404